00301nam a2200121 4500020001900000082001100019100002200030245002600052260004900078300001700127650001200144700002300156 a0-7515-3504-4  a813.54 aGraham Masterton  aThe Hymn Night Plague aGreat Britainbtime warner paper back c1993 a310p.e18cm. aFiction aMasterton, Graham